| 000 | 00702nam a2200205Ia 4500 | ||
|---|---|---|---|
| 008 | 100315s9999 xx 000 0 und d | ||
| 040 | _cENGLISH | ||
| 082 | _b7790 | ||
| 100 | _a"Dutt, Ramesh Chunder " | ||
| 245 | _aA History of Civilisation in ancient India : Based in Sanscrit literature. | ||
| 260 |
_aDelhi _bVishal _c1972 |
||
| 300 | _a"xix, 390p " | ||
| 365 |
_eRupees _d1 _b0.00 |
||
| 366 | _f0 | ||
| 520 | _aRBI Library Book | ||
| 530 | _bDonated By RBI Library | ||
| 630 | _aA History of Civilisation in ancient India : Based in Sanscrit literature. | ||
| 730 | _aA History of Civilisation in ancient India : Based in Sanscrit literature. | ||
| 942 | _cBOOK | ||
| 999 |
_c482525 _d482522 |
||